[Event "Rodriguez Gonzalez Memorial"]
[Site "Havana"]
[Date "2010.07.05"]
[Round "8"]
[White "Garcia Pantoja, Roberto"]
[Black "Olivares Canelles, Francisco"]
[Result "1-0"]
[WhiteElo "2402"]
[BlackElo "2296"]
[PlyCount "119"]
[EventDate "2010.06.24"]
[EventType "tourn"]
[EventRounds "10"]
[EventCountry "CUB"]
[SourceTitle "EXT 2011"]
[Source "ChessBase"]
[SourceDate "2010.11.26"]
[SourceVersion "1"]
[SourceVersionDate "2010.11.26"]
[SourceQuality "1"]

1. e4 e5 2. Nf3 Nc6 3. Bb5 a6 4. Ba4 Nf6 5. 0-0 b5 6. Bb3 Be7 7. Nc3 d6 8. d3 0-0 9. a3 Bg4 10. Be3 Nd4 11. Bxd4 exd4 12. Nd5 Nxd5 13. Bxd5 Rc8 14. h3 Bd7 15. Nxd4 Bf6 16. c3 Bxd4 17. cxd4 Qf6 18. Qc2 c6 19. Bb3 Qxd4 20. Qc3 Qxc3 21. bxc3 c5 22. Rab1 Rfe8 23. Rfd1 Kf8 24. f3 f5 25. Rb2 Re7 26. Ba2 h6 27. a4 bxa4 28. Bd5 Bb5 29. c4 Be8 30. Rb6 Ra7 31. exf5 Re7 32. Kf2 Bd7 33. g4 Rce8 34. Be4 d5 35. cxd5 Bb5 36. Rc1 Rc7 37. f6 g5 38. d6 Rd7 39. Bf5 Rdd8 40. Rxc5 a3 41. Rc3 a2 42. Ra3 Rb8 43. Rxb8 Rxb8 44. Rxa2 Kf7 45. Ke3 Rd8 46. d7 Kxf6 47. Ke4 Ke7 48. Ke5 Ra8 49. Rc2 Rd8 50. Rc7 a5 51. Rc5 Bxd7 52. Rxa5 Bxf5 53. gxf5 Rxd3 54. Ra7+ Ke8 55. Kf6 Rxf3 56. Kg6 h5 57. f6 g4 58. f7+ Kf8 59. Ra8+ Ke7 60. Re8+ 1-0

[Event "Rodriguez Gonzalez Memorial"]
[Site "Havana"]
[Date "2010.06.29"]
[Round "4"]
[White "Hernandez Sotelo, Jose I"]
[Black "Olivares Canelles, Francisco"]
[Result "0-1"]
[WhiteElo "2141"]
[BlackElo "2296"]
[PlyCount "102"]
[EventDate "2010.06.24"]
[EventType "tourn"]
[EventRounds "10"]
[EventCountry "CUB"]
[SourceTitle "EXT 2011"]
[Source "ChessBase"]
[SourceDate "2010.11.26"]
[SourceVersion "1"]
[SourceVersionDate "2010.11.26"]
[SourceQuality "1"]

1. e4 e5 2. Nf3 Nf6 3. Nxe5 d6 4. Nf3 Nxe4 5. d4 d5 6. Bd3 Bd6 7. 0-0 0-0 8. c4 c6 9. Qc2 Na6 10. a3 f5 11. Nc3 Nc7 12. c5 Be7 13. Bf4 Ne6 14. Be5 Bf6 15. Ne2 Bd7 16. Rfe1 Be8 17. Nf4 Nxf4 18. Bxf4 Bh5 19. Ne5 Bh4 20. g3 Bf6 21. Be2 Bxe2 22. Rxe2 g5 23. Be3 f4 24. gxf4 Bxe5 25. fxe5 Rf3 26. Kh1 g4 27. Rg1 Qh4 28. Rg2 Raf8 29. Kg1 Rh3 30. e6 h5 31. Bh6 Re8 32. Rxe4 dxe4 33. Qxe4 Qf6 34. Bf4 Qxe6 35. Be5 Rf8 36. f4 Qf5 37. Qxf5 Rxf5 38. Re2 Rb3 39. Bd6 Kf7 40. Re7+ Kg6 41. Re2 Rd3 42. Be5 h4 43. Kg2 Kh5 44. Rc2 h3+ 45. Kg1 Rd1+ 46. Kf2 Rh1 47. Ke3 g3 48. hxg3 h2 49. Re2 Kg4 50. Ke4 Rh5 51. f5 Rf1 0-1

[Event "Rodriguez Gonzalez Memorial"]
[Site "Havana"]
[Date "2010.06.25"]
[Round "2"]
[White "Figueredo Losada, Leonel"]
[Black "Olivares Canelles, Francisco"]
[Result "1/2-1/2"]
[WhiteElo "2338"]
[BlackElo "2296"]
[PlyCount "137"]
[EventDate "2010.06.24"]
[EventType "tourn"]
[EventRounds "10"]
[EventCountry "CUB"]
[SourceTitle "EXT 2011"]
[Source "ChessBase"]
[SourceDate "2010.11.26"]
[SourceVersion "1"]
[SourceVersionDate "2010.11.26"]
[SourceQuality "1"]

1. e4 e5 2. Nf3 Nc6 3. Bb5 a6 4. Ba4 Nf6 5. 0-0 Be7 6. d3 b5 7. Bb3 d6 8. c3 0-0 9. Re1 Na5 10. Bc2 c5 11. Nbd2 Qc7 12. Nf1 Rd8 13. Ne3 Bf8 14. a3 Bb7 15. Nf5 d5 16. Qe2 c4 17. dxc4 dxe4 18. Ng5 e3 19. Nxe3 h6 20. Nf3 bxc4 21. Nf5 Re8 22. Be3 Nd5 23. N3h4 Nxe3 24. Qxe3 Rad8 25. Rad1 Nb3 26. Qe2 Rxd1 27. Rxd1 e4 28. Ne3 Na5 29. Ba4 Rd8 30. Nhf5 g6 31. Rxd8 Qxd8 32. Nd4 Qc7 33. h3 Bg7 34. Qd2 Kh7 35. Ne2 h5 36. Qd7 Qxd7 37. Bxd7 Be5 38. Nd4 Kg7 39. Kf1 Kf8 40. Ba4 Ke7 41. g4 h4 42. Bd1 Kd6 43. Be2 Kc5 44. Bxc4 Bxd4 45. cxd4+ Kxd4 46. Bxf7 g5 47. Ke2 Bc8 48. Bd5 Bd7 49. Kd2 Nc6 50. Bxc6 Bxc6 51. Nc2+ Ke5 52. Ne3 Kf4 53. b3 Kf3 54. Ke1 Bb5 55. a4 Bd3 56. b4 Be2 57. Nf5 Bd3 58. b5 axb5 59. axb5 Kg2 60. b6 Ba6 61. Nd6 Kxh3 62. b7 Bxb7 63. Nxb7 Kxg4 64. Nc5 e3 65. Kf1 Kf3 66. fxe3 Kxe3 67. Kg2 g4 68. Ne6 g3 69. Ng5 1/2-1/2

[Event "Capablanca Memorial op 45th"]
[Site "Havana"]
[Date "2010.06.18"]
[Round "8"]
[White "Borges Feria, Yasel"]
[Black "Olivares Canelles, Francisco"]
[Result "1-0"]
[WhiteElo "2426"]
[BlackElo "2328"]
[PlyCount "131"]
[EventDate "2010.06.10"]
[EventType "swiss"]
[EventRounds "10"]
[EventCountry "CUB"]
[SourceTitle "CBM 137 Extra"]
[Source "ChessBase"]
[SourceDate "2010.09.01"]
[SourceVersion "1"]
[SourceVersionDate "2010.09.01"]
[SourceQuality "1"]

1. Nf3 d5 2. c4 c6 3. b3 Nf6 4. Bb2 Bf5 5. g3 e6 6. Bg2 Nbd7 7. 0-0 Be7 8. d4 0-0 9. Nc3 h6 10. e3 Bh7 11. Qe2 Qa5 12. a3 Ne4 13. Rfc1 Qb6 14. b4 Nxc3 15. Bxc3 Qa6 16. Bf1 dxc4 17. Qxc4 Qxc4 18. Bxc4 Nb6 19. Be2 Na4 20. Be1 Rfd8 21. Ne5 Nb6 22. a4 Nd5 23. b5 cxb5 24. axb5 f6 25. Nc4 Bb4 26. Bxb4 Nxb4 27. Bf3 Nd5 28. Na5 Rab8 29. Nb3 Bd3 30. Rxa7 Bxb5 31. Nc5 Kf7 32. Nxb7 Rd7 33. Nd6+ Ke7 34. Nxb5 Rxb5 35. Rxd7+ Kxd7 36. Ra1 Nc7 37. h4 h5 38. Be2 Rd5 39. Ra7 g6 40. Kg2 Rd6 41. Bd3 f5 42. Bc4 Kd8 43. Kf3 Rc6 44. Ra4 Ke7 45. Ke2 Kf6 46. Kd3 Ke7 47. Rb4 Kf6 48. Rb7 Nd5 49. Bxd5 exd5 50. Rb5 Ke6 51. Rb2 Ra6 52. Ke2 Rc6 53. Kf3 Kf6 54. Kf4 Re6 55. Rb5 Rd6 56. Ra5 Rb6 57. Rxd5 Rb2 58. f3 Rf2 59. Rd6+ Kf7 60. Ra6 Rf1 61. d5 Rf2 62. Ra4 Ke8 63. Ra7 Kf8 64. d6 Rd2 65. d7 Rd6 66. Ra8+ 1-0

[Event "Capablanca Memorial op 45th"]
[Site "Havana"]
[Date "2010.06.13"]
[Round "4"]
[White "Guerra Mojena, Leandro"]
[Black "Olivares Canelles, Francisco"]
[Result "1-0"]
[WhiteElo "2254"]
[BlackElo "2328"]
[PlyCount "120"]
[EventDate "2010.06.10"]
[EventType "swiss"]
[EventRounds "10"]
[EventCountry "CUB"]
[SourceTitle "CBM 137 Extra"]
[Source "ChessBase"]
[SourceDate "2010.09.01"]
[SourceVersion "1"]
[SourceVersionDate "2010.09.01"]
[SourceQuality "1"]

1. e4 e5 2. Bc4 Nf6 3. d3 Be7 4. Nf3 d6 5. 0-0 0-0 6. Re1 c6 7. a4 Nbd7 8. Nbd2 Qc7 9. c3 Re8 10. Nf1 Bf8 11. Ng3 g6 12. d4 Bg7 13. dxe5 Nxe5 14. Be2 Nxf3+ 15. Bxf3 Be6 16. Bf4 Rad8 17. Qc2 Ng4 18. a5 Ne5 19. Be2 Qe7 20. Be3 a6 21. f4 Bh6 22. Bc1 Nd7 23. Bf3 Nc5 24. c4 Qf6 25. Ne2 Bg7 26. Rb1 Bc8 27. b4 Ne6 28. Bb2 Qe7 29. Bxg7 Kxg7 30. Rbd1 Qf6 31. Qd2 Nc7 32. Ng3 Be6 33. Rc1 Kg8 34. Be2 Qh4 35. Bf1 Bc8 36. f5 Re5 37. Rcd1 Qe7 38. Bd3 Ne8 39. Rf1 Nf6 40. Qf4 Kg7 41. Rd2 Ng8 42. Rdf2 Kh8 43. Qd2 Re8 44. Bb1 c5 45. b5 axb5 46. cxb5 c4 47. Ba2 Rc5 48. Rc1 Bd7 49. Rxc4 Rxb5 50. Rc7 g5 51. Qc3+ f6 52. Be6 Rd8 53. Rb2 Rc5 54. Rxc5 dxc5 55. Rxb7 Qd6 56. Rxd7 Rxd7 57. Bxd7 Qd1+ 58. Nf1 Qxd7 59. Qxc5 Ne7 60. a6 Nc6 1-0

[Event "Capablanca Memorial op 45th"]
[Site "Havana"]
[Date "2010.06.12"]
[Round "3"]
[White "Espinosa Garcia, Sandra"]
[Black "Olivares Canelles, Francisco"]
[Result "1/2-1/2"]
[WhiteElo "2134"]
[BlackElo "2328"]
[PlyCount "119"]
[EventDate "2010.06.10"]
[EventType "swiss"]
[EventRounds "10"]
[EventCountry "CUB"]
[SourceTitle "CBM 137 Extra"]
[Source "ChessBase"]
[SourceDate "2010.09.01"]
[SourceVersion "1"]
[SourceVersionDate "2010.09.01"]
[SourceQuality "1"]

1. d4 d5 2. c4 e6 3. cxd5 exd5 4. Nc3 Nf6 5. Bg5 Be7 6. Nf3 0-0 7. e3 Nbd7 8. Bd3 Re8 9. 0-0 c6 10. Qc2 Nf8 11. Bxf6 Bxf6 12. b4 a6 13. Rab1 Bg4 14. Nd2 Qd6 15. Nb3 Bd8 16. Rfc1 Bc7 17. g3 Qh6 18. Be2 Bc8 19. a4 Ne6 20. Nd2 Ng5 21. Nf3 Nh3+ 22. Kg2 Bd6 23. b5 axb5 24. axb5 Nxf2 25. Kxf2 Qxe3+ 26. Kg2 Ra3 27. Bd3 Bg4 28. Rf1 g6 29. bxc6 bxc6 30. Rbd1 Qh6 31. Rfe1 Rea8 32. Rb1 Qh3+ 33. Kf2 Bxf3 34. Kxf3 Rxc3 35. Qxc3 Qxh2 36. Rg1 Ra2 37. Qe1 Qh5+ 38. g4 Qh3+ 39. Rg3 Qh4 40. Rg2 Qh3+ 41. Rg3 Qh2 42. Rd1 Qh6 43. g5 Qh5+ 44. Rg4 Rg2 45. Kxg2 Qxg4+ 46. Kf1 Qf3+ 47. Kg1 Qg4+ 48. Kf1 Qf3+ 49. Kg1 Bf4 50. Bf1 Be3+ 51. Kh2 Bf4+ 52. Kg1 Bxg5 53. Rd3 Qg4+ 54. Bg2 Bf6 55. Qe8+ Kg7 56. Qxc6 Bxd4+ 57. Kf1 Qh4 58. Rf3 Qh2 59. Rxf7+ Kxf7 60. Qxd5+ 1/2-1/2